El poder del pecado
محفوظ في:
| المؤلف الرئيسي: | |
|---|---|
| التنسيق: | كتاب |
| اللغة: | الإسبانية |
| منشور في: |
Buenos Aires
Carlos Lohlé
1968
|
| الموضوعات: | |
| الوسوم: |
إضافة وسم
لا توجد وسوم, كن أول من يضع وسما على هذه التسجيلة!
|
MARC
| LEADER | 00000nam a2200000 a 4500 | ||
|---|---|---|---|
| 001 | UCX0305 | ||
| 003 | CL-VaPUC | ||
| 008 | 890925e19680000AG |||||||||||||||||spa|d | ||
| 082 | 0 | 4 | |a 241 |b SCH |2 21 |
| 100 | 0 | |a Schoonenberg, Piet |e author |9 315678 | |
| 245 | 1 | 3 | |a El poder del pecado |
| 300 | |a 187 p | ||
| 942 | |c BK | ||
| 945 | |d 19890925 00:00:00 | ||
| 260 | |a Buenos Aires |b Carlos Lohlé |c 1968 | ||
| 650 | 0 | |a Pecado |9 314980 | |
| 583 | |a last modification |c 19890925 00:00:00 |k Rodrigo Vera | ||
| 999 | |c 221943 |d 221941 | ||
| 952 | |0 0 |1 0 |4 0 |6 241_000000000000000_SCH_1968 |7 0 |8 A |9 216032 |a BIBTEO |b BIBTEO |d 2019-11-15 |i 2846098 |o 241 SCH 1968 |p 2846098 |r 2025-01-17 |w 2019-11-15 |y BK |k ICR | ||
| 952 | |0 0 |1 0 |4 0 |6 241_000000000000000_SCH_1968 |7 0 |8 A |9 216033 |a BIBGIM |b BIBGIM |d 2019-11-15 |i 3366766 |o 241 SCH 1968 |p 3366766 |r 2025-01-15 |w 2019-11-15 |y BK |k COM | ||